[Event "LTU-chT"]
[Site "Lithuania"]
[Date "2017.02.18"]
[Round "3.2"]
[White "Baliasnyj, Timur"]
[Black "Jegorovas, Aleksandras"]
[Result "1/2-1/2"]
[WhiteElo "2211"]
[BlackElo "2282"]
[PlyCount "119"]
[EventDate "2017.01.28"]
[EventType "team-swiss"]
[EventRounds "7"]
[EventCountry "LTU"]
[SourceTitle "CBM 176 Extra"]
[Source "ChessBase"]
[SourceDate "2017.03.02"]
[SourceVersion "1"]
[SourceVersionDate "2017.03.02"]
[SourceQuality "1"]
[WhiteTeam "Makabi LSK"]
[BlackTeam "Panevezys Gigant Chess"]
[WhiteTeamCountry "LTU"]
[BlackTeamCountry "LTU"]

1. c4 Nf6 2. g3 e6 3. Bg2 d5 4. Nf3 Be7 5. 0-0 0-0 6. Qc2 a6 7. d3 c5 8. d4 cxd4 9. Nxd4 Nc6 10. Nxc6 bxc6 11. Rd1 Qb6 12. Be3 Bc5 13. Bxc5 Qxc5 14. Nd2 a5 15. Rac1 Ba6 16. e3 Rfb8 17. Bf1 Qb4 18. Rb1 a4 19. Rdc1 h5 20. Nf3 Qd6 21. Rd1 Qc5 22. Rbc1 dxc4 23. Rd4 c3 24. Bxa6 Rxa6 25. bxc3 a3 26. Rb1 Raa8 27. Rbb4 Rxb4 28. Rxb4 g6 29. Qd3 Qd5 30. Qxd5 cxd5 31. Ng5 Ra7 32. Kf1 Nd7 33. c4 dxc4 34. Rxc4 Ne5 35. Rc3 Ra4 36. f4 Nc4 37. Ke2 Rb4 38. Kd3 Nb2+ 39. Kc2 Nc4 40. Nf3 Rb2+ 41. Kd3 Nd6 42. Rxa3 Rf2 43. Ra6 Nb7 44. Ra8+ Kg7 45. Ng5 Rxh2 46. Ra7 Nd6 47. Nxe6+ Kf6 48. Nc5 Nf5 49. Ne4+ Kg7 50. Ng5 Nxg3 51. Nxf7 h4 52. Ne5+ Kg8 53. Ra6 Kh7 54. Ng4 Rb2 55. Ra7+ Kg8 56. e4 h3 57. e5 Nh5 58. Ra8+ Kg7 59. Ra7+ Kg8 60. Ra8+ 1/2-1/2

[Event "LTU-chT"]
[Site "Lithuania"]
[Date "2015.02.16"]
[Round "5.3"]
[White "Bastys, Robertas"]
[Black "Baliasnyj, Timur"]
[Result "1-0"]
[WhiteElo "2242"]
[BlackElo "2249"]
[PlyCount "67"]
[EventDate "2015.01.24"]
[EventType "team-tourn"]
[EventRounds "7"]
[EventCountry "LTU"]
[SourceTitle "EXT 2016"]
[Source "ChessBase"]
[SourceDate "2015.10.08"]
[SourceVersion "1"]
[SourceVersionDate "2015.10.08"]
[SourceQuality "1"]
[WhiteTeam "Vilnius Chess United"]
[BlackTeam "Kaunas AG"]
[WhiteTeamCountry "LTU"]
[BlackTeamCountry "LTU"]

1. c4 Nf6 2. Nc3 e6 3. d4 d5 4. cxd5 exd5 5. Bg5 Be7 6. e3 0-0 7. Bd3 Re8 8. Qc2 Nbd7 9. Nf3 Nf8 10. h3 c6 11. Bxf6 Bxf6 12. 0-0-0 Be6 13. g4 Rc8 14. Kb1 c5 15. dxc5 Rxc5 16. Nd4 Qb8 17. Qd2 Rec8 18. f4 g6 19. g5 Bg7 20. f5 gxf5 21. Nce2 Ng6 22. h4 f4 23. h5 fxe3 24. Qxe3 Qe5 25. Qf2 Nf8 26. h6 Bh8 27. Nf4 Ng6 28. Nfxe6 fxe6 29. Bxg6 Rf8 30. Bxh7+ Kxh7 31. Qxf8 Qe4+ 32. Ka1 Bxd4 33. Qf7+ Kh8 34. Qe8+ 1-0

[Event "St Petersburg Overtime CC"]
[Site "St Petersburg"]
[Date "2014.12.02"]
[Round "8"]
[White "Baliasnyj, Timur"]
[Black "Lovkov, Roman"]
[Result "1/2-1/2"]
[WhiteElo "2286"]
[BlackElo "2461"]
[PlyCount "70"]
[EventDate "2014.11.25"]
[EventType "tourn"]
[EventRounds "9"]
[EventCountry "RUS"]
[EventCategory "2"]
[SourceTitle "CBM 163 Extra"]
[Source "ChessBase"]
[SourceDate "2014.12.23"]
[SourceVersion "1"]
[SourceVersionDate "2014.12.23"]
[SourceQuality "1"]

1. c4 e6 2. Nf3 Nf6 3. g3 d5 4. Bg2 dxc4 5. Qa4+ Nbd7 6. 0-0 c5 7. Qxc4 b6 8. Nd4 Ne5 9. Nc6 Nxc4 10. Nxd8 Nd5 11. Nc3 Kxd8 12. Nxd5 Rb8 13. d3 Nd6 14. Nc3 Bb7 15. Bf4 Bxg2 16. Kxg2 Rb7 17. Rfd1 f6 18. d4 cxd4 19. Bxd6 Bxd6 20. Rxd4 Ke7 21. Rad1 Be5 22. Rc4 Rc7 23. Rxc7+ Bxc7 24. Nb5 Bb8 25. Rc1 Rd8 26. e3 Rd2 27. Nd4 Kd7 28. Rc2 Rxc2 29. Nxc2 f5 30. Kf3 Kd6 31. e4 Kc5 32. b3 g5 33. h3 h5 34. Ke3 f4+ 35. Kf3 fxg3 1/2-1/2

[Event "EU-ch rapid"]
[Site "Warsaw"]
[Date "2013.12.14"]
[Round "4"]
[White "Baliasnyj, Timur"]
[Black "Golubka, Petr"]
[Result "0-1"]
[WhiteElo "2260"]
[BlackElo "2385"]
[PlyCount "138"]
[EventDate "2013.12.14"]
[EventType "swiss (rapid)"]
[EventRounds "11"]
[EventCountry "POL"]
[SourceTitle "CBM 157 Extra"]
[Source "ChessBase"]
[SourceDate "2013.12.19"]
[SourceVersion "1"]
[SourceVersionDate "2013.12.19"]
[SourceQuality "1"]

1. c4 e6 2. g3 d5 3. Bg2 c5 4. Nf3 Nc6 5. 0-0 Nf6 6. d4 Be7 7. Nc3 0-0 8. cxd5 exd5 9. Bg5 cxd4 10. Nxd4 h6 11. Be3 Re8 12. Rc1 Bf8 13. h3 Be6 14. Qd2 Qd7 15. Kh2 Bb4 16. a3 Bf8 17. f4 Bf5 18. Nxf5 Qxf5 19. Bg1 Rad8 20. Qd3 Qe6 21. Rfd1 Rd7 22. Bf3 h5 23. Nb5 h4 24. g4 Bd6 25. Nxd6 Qxd6 26. Qf5 g6 27. Qg5 Ne4 28. Bxe4 Rxe4 29. e3 d4 30. Qxh4 Qe6 31. Qg3 Qa2 32. Rc2 Rde7 33. Rd3 Qb1 34. Rcd2 Qc1 35. Rd1 Qxb2+ 36. R3d2 Qxa3 37. exd4 Re2+ 38. Bf2 Qb4 39. Qd3 Nxd4 40. Qxd4 Qxd4 41. Rxd4 Rxf2+ 42. Kg3 Rfe2 43. f5 g5 44. R1d3 R7e3+ 45. Rxe3 Rxe3+ 46. Kg2 Kg7 47. Rd7 Rb3 48. h4 gxh4 49. g5 Rg3+ 50. Kh2 Rxg5 51. Rxb7 a5 52. Rb5 a4 53. Ra5 Rg4 54. Kh3 Rf4 55. Ra6 Kh7 56. Rf6 Kg8 57. Ra6 Kf8 58. f6 Kg8 59. Ra7 Rb4 60. Kh2 Kh7 61. Rxf7+ Kg6 62. Rf8 Kf5 63. Kh3 Kg5 64. Kg2 Rg4+ 65. Kh2 Rf4 66. f7 Kg6 67. Kh3 Kg7 68. Ra8 Kxf7 69. Ra6 Ke7 0-1